| 000 | 00428pab a2200181 454500 | ||
|---|---|---|---|
| 008 | 180718b2001 xxu||||| |||| 00| 0 eng d | ||
| 100 | _aRao, K.N. | ||
| 245 | _aAstrology and the wisdom of UGC | ||
| 260 | _c2001 | ||
| 300 | _ap.7 | ||
| 362 | _a3 May | ||
| 650 | _aAstrology | ||
| 650 | _aEducation - India | ||
| 650 | _aUniversity courses - India | ||
| 650 | _aUniversity courses | ||
| 773 | _aPioneer | ||
| 909 | _a49575 | ||
| 999 |
_c49575 _d49575 |
||